Wszystkie przystanki MKS Krosno - Statystyki

Ogólne statystyki
  • Ten quiz został rozwiązany 29 razy
  • Średni wynik to 26 z 302
Statystyki odpowiedzi
Odpowiedź % Poprawnych
Dworzec
84%
Jedlicze n/ż
60%
Krakowska
60%
Jaszczew n/ż
56%
Potakówka n/ż
56%
Potok n/ż
56%
Legionów
44%
Kolejowa
40%
Korczyńska
40%
Podwale
40%
Szpital Wojewódzki
40%
Grodzka Kino
36%
Korczyna - Rynek
36%
Lewakowskiego
36%
Polanka Maczka
36%
Turaszówka Staw
32%
Wojska Polskiego
32%
Chopina
28%
Hallera
28%
Kampus PANS
28%
Krakowska Szkoła
28%
Os.Traugutta
28%
Plac Monte Cassino
28%
Polanka Osiedle
28%
Powstańców Warszawskich
28%
Sikorskiego
28%
Starostwo Powiatowe
28%
Turaszówka Skrzyżowanie
28%
Tysiąclecia
28%
Zręcin
28%
Asnyka
24%
BWI
24%
Czajkowskiego
24%
Huta Techniczna
24%
Jedlicze Rynek
24%
Podkarpacka Pasaż
24%
Powstańców Śląskich
24%
Białobrzeska
20%
Krakowska Huta
20%
Legionów - Stadion
20%
Lwowska PKP
20%
Potok
20%
Turaszówka ZSE
20%
Wieniawskiego
20%
Wierzbowa
20%
Boh. Westerplatte
16%
Grodzka Szpital
16%
Jedlicze Głowackiego
16%
Kopernika
16%
Krakowska Carrefour
16%
Krakowska Cmentarz
16%
Krakowska Osiedle
16%
Leroy Merlin
16%
Lniarska
16%
Magurów
16%
Mielczarskiego Dworzec
16%
Podkarpacka Pałac
16%
Podkarpacka Wiadukt
16%
Podkarpacka WSK
16%
Przybówka
16%
Suchodół Pomnik
16%
Turaszówka Kościół
16%
Wisze
16%
Boh. Westerplatte PKP
12%
Chopina Dębina
12%
Dobieszyn
12%
Hutnicza
12%
Jagiellońska
12%
Jedlicze Borek
12%
Jedlicze Nawrót
12%
Lasy Państwowe
12%
Łężany Przedszkole
12%
Lwowska Sezam
12%
Niepodległości Galeria
12%
Odrzykoń Góra
12%
Os. Generalskie
12%
Podkarpacka Centrum Handlowe
12%
Podkarpacka Kleberg
12%
Podkarpacka os.Grota-Roweckiego
12%
Polanka Kościół
12%
Polanka OSP
12%
Polna
12%
Przybówka PKP
12%
Przygrody
12%
Suchodół Góra
12%
Turaszówka Ośrodek
12%
Tysiąclecia Stołówka
12%
Żeromskiego
12%
Batorego
8%
Bieszczadzka Żniwna
8%
Dobieszyn Sklep
8%
Iskrzynia Zagórze
8%
Jedlicze Rejtana
8%
Konopnickiej Kościół
8%
Konopnickiej Szkoła
8%
Legionów Galeria
8%
Lwowska Hotel
8%
Podkarpacka BWI
8%
Polanka Baczyńskiego
8%
Polanka Cmentarz
8%
Polanka D.L.
8%
Polanka Działki
8%
Polanka Kojdera
8%
Polanka Pałac
8%
Polanka Szkoła
8%
Polanka Zakłady
8%
Potok Góra
8%
Potok Skrzyż.
8%
Pużaka
8%
Sikorskiego Ciepłownia
8%
Sikorskiego Pole
8%
Suchodół Dom Ludowy
8%
Szczepańcowa
8%
Turaszówka Granica
8%
Turaszówka - Klonowa
8%
Turaszówka Sklep
8%
Tysiąclecia HSG-3
8%
Wieniawskiego Kościół
8%
WSK
8%
Wyszyńskiego Cmentarz
8%
Żeglce
8%
Żółkiewskiego MPGK
8%
Żwirki i Wigury
8%
Białobrzeska Park
4%
Bursaki Most
4%
Chopina Sklep
4%
Guzikówka Dól
4%
Hala Sportowa
4%
Jaszczew Kopalnia
4%
Jaszczew Wieś
4%
Jedlicze Osiedle
4%
Jedlicze PKP
4%
Jedlicze Rafineria
4%
Kopernika Zaścianek
4%
Krościenko W. Dębina
4%
Łężany Dom Ludowy
4%
Łukasiewicza Kletówki
4%
Łukasiewicza Osiedle
4%
Lwowska Urząd Miasta
4%
Męcinka Wieś
4%
Męcinka Zakład
4%
Niepodległości Korczyńska
4%
Odrzykoń Mała Strona 1
4%
Odrzykoń Mała Strona 2
4%
Odrzykoń Mała Strona 3
4%
Okulickiego
4%
Ostaszewskiego
4%
Podkarpacka Węzeł
4%
Składowa
4%
Ślączka-Stapińskiego
4%
Suchodół Henczlówka
4%
Suchodół Sapia Góra
4%
Targowiska Szkoła
4%
Tłoki
4%
Tłoki Sklep
4%
Tłoki Stadion
4%
Turaszówka Mostek
4%
Turaszówka PANS
4%
Turaszówka PKP
4%
Tysiąclecia Krosglass
4%
Ustrobna
4%
Wisze Środek
4%
Zalesie
4%
Żarnowiec
4%
Żeglce Kościół
4%
Żeromskiego Kapliczka
4%
Bajdy
0%
Bajdy Dom Ludowy
0%
Bajdy k/Inwest-Profilu
0%
Bajdy Tłoki
0%
Białobrzeska Ogródki
0%
Białobrzeska ZUO
0%
Bratkówka Dom Ludowy
0%
Bratkówka Granica
0%
Bratkówka Skrzyżowanie Na Wólkę
0%
Chorkówka Osiedle
0%
Chorkówka Sklep
0%
Dobieszyn II
0%
Dobieszyn III Granica
0%
Dobieszyn Kościół
0%
Dobieszyn Osiedle
0%
Grabiny
0%
Guzikówka Most
0%
Iskrzynia Kościół
0%
Iskrzynia sklep
0%
Iskrzynia Spółdzielnia Szkoła
0%
Jaszczew Spółdzielnia
0%
Jedlicze Kolonia
0%
Jedlicze Manierskiego
0%
Jedlicze Poczta
0%
Jedlicze Skrzyżowanie
0%
Jedlicze Stadion
0%
Jedlicze Szkoła
0%
Korczyna ul. A.Fredry-k. szkoły
0%
Korczyna ul. Akacjowa - Dół
0%
Korczyna ul. A.K.-Zwierzeń za mostem
0%
Korczyna ul. Gen.Szeptyckiego-skrzyż
0%
Korczyna ul. Krośnieńska
0%
Korczyna ul. Krośnieńska-Załęże 01
0%
Korczyna ul. Sporne-k. D.L
0%
Krościenko W. Brzozowska
0%
Krościenko W. Centrum
0%
Krościenko W. Dwór
0%
Krościenko W. Folwark
0%
Krościenko W. Groszek
0%
Krościenko W. M.Góra
0%
Krościenko W. Pręt
0%
Krościenko W. Pustyny
0%
Krościenko W. Staw
0%
Krościenko W. Wójtostwo
0%
Krościenko W. Zagórze
0%
Krosnolen
0%
Łączki Jagiellońskie - Dom Ludowy
0%
Łączki Jagiellońskie - k. mostu
0%
Łęki Strzyżowskie - Bartne
0%
Łęki Strzyżowskie - Dom Strażaka
0%
Łęki Strzyżowskie - Most
0%
Łęki Strzyżowskie - Podlas
0%
Łęki Strzyżowskie - Skrzyżowanie
0%
Lelewela
0%
Łężany Dół
0%
Łężany Górka I
0%
Łężany Górka III
0%
Łężany Nawrót Nawsie
0%
Łężany Piekarnia
0%
Lotników Huta
0%
Naftomontaż
0%
Odrzykoń Dom Kultury
0%
Odrzykoń Głębokie 1
0%
Odrzykoń Głębokie 2
0%
Odrzykoń Głębokie 3
0%
Odrzykoń Most
0%
Odrzykoń Podzamcze 1
0%
Odrzykoń Rzeki
0%
Odrzykoń Skrzyżowanie
0%
Odrzykoń Szkoła
0%
Okrzei - kier. Centrum
0%
Os.Traugutta Szkoła
0%
Potakówka 01
0%
Potakówka 08
0%
Potakówka 10
0%
Potakówka D. L.
0%
Potok Dom Ludowy
0%
Potok Wieś
0%
Przybówka Dom Strażaka
0%
Przybówka Skrzyżowanie
0%
Przybówka Szkoła
0%
Sikorskiego Przejazd
0%
Stapińskiego Kopalnia
0%
Stapińskiego Sklep
0%
Suchodół Słoneczna
0%
Świerzowa Dom Ludowy
0%
Świerzowa skrzyżowanie
0%
Szczepańcowa Blok
0%
Szczepańcowa Czajki
0%
Szczepańcowa Kuźnia
0%
Szczepańcowa Sklep
0%
Szczepańcowa ul. Przemysłowa
0%
Szpital Wojewódzki I
0%
Targowiska Casablanka
0%
Targowiska Cmentarz
0%
Targowiska D.L.
0%
Targowiska Os.
0%
Targowiska Os. II
0%
Targowiska Ośrodek Zdrowia
0%
Targowiska PGR
0%
Targowiska Piekiełko
0%
Targowiska Remiza OSP
0%
Targowiska Sklep ABC
0%
Targowiska Stacja PKP
0%
Turaszówka Obwód Drogowy
0%
Ustrobna, Gąsienice
0%
Ustrobna, Nowa Wieś
0%
Wisze Rozdzielnia
0%
Witosa - kier. Centrum
0%
Wojaszówka
0%
Wojaszówka - Skrzyżowanie
0%
Wojkówka - Bukowina
0%
Wojkówka - Dom Ludowy
0%
Wojkówka - Granica
0%
Zalesie D.L.
0%
Zalesie-skrzyż.
0%
Załęże
0%
Żarnowiec I
0%
Żarnowiec Muzeum
0%
Żarnowiec Staw
0%
Żeglce Sklep
0%
Żeglce Zręcka
0%
Żółkiewskiego Park
0%
Żółkiewskiego Prochownia
0%
Zręcińska Granica
0%
Zręcińska kier. Zręcin
0%
Zręcińska - Lotników
0%
Zręcińska Rayskiego
0%
Zręcińska Skłodowskiej
0%
Zręcin Skrzyż. Chork.
0%
Zręcin skrzyżowanie
0%
Zręcin Szkoła
0%
Zręcin ul. Łukasiewicza
0%
Nie znaleziono quizów pasujących do podanych kryteriów
Rozkład punktacji
Procent ludzi z każdym wynikiem
Percentyl według liczby udzielonych odpowiedzi
Twoja historia wyników
Nie rozwiązałeś tego quizu